Joan Casas : a la recerca de preguntes / a la recerca de preguntes /
ISBN:
9788498039535
Descripción Física:
148 p. ; 20 cm.
Colección:
Converses
; 6
Materias:
Casas, Joan, -- 1950-
Idioma:
Catalán
MARC
| LEADER | 00000nam a22000007a 4500 | ||
|---|---|---|---|
| 001 | 25131 | ||
| 008 | 220201b spa||||| |||| 00| 0 cat d | ||
| 017 | |a B 20172-2020 | ||
| 020 | |a 9788498039535 | ||
| 100 | |9 52468 |a Nolla Gual, Enric | ||
| 245 | |a Joan Casas : |b a la recerca de preguntes / |c Enric Nolla Gual | ||
| 260 | |a Barcelona : |b Institut del Teatre ; |c 2020 | ||
| 300 | |a 148 p. ; |c 20 cm. | ||
| 490 | |a Converses |v 6 | ||
| 600 | 0 | |a Casas, Joan, |d 1950- |9 23157 | |
| 710 | 1 | |a Institut del Teatre (Barcelona, Catalunya) |9 52662 | |
| 942 | |2 udc |c ARXIU |n 1 | ||
| 952 | |0 0 |1 0 |4 0 |6 BIB403 |7 1 |9 60967 |a Arxiu |b Arxiu |d 2022-02-01 |l 0 |o Bib-403 |p 25131 |r 2022-02-01 00:00:00 |w 2022-02-01 |y ARXIU | ||
| 999 | |c 81092 |d 81092 | ||